|
|
|
|
| LEADER |
00000nam0a2200000 4500 |
| 001 |
24484 |
| 005 |
20231101205618.0 |
| 035 |
|
|
|a (RuTPU)RU\TPU\book\24713
|
| 035 |
|
|
|a BOOK00000021
|
| 090 |
|
|
|a 24484
|
| 100 |
|
|
|a 20011209d2000 m y0rusy50 ca
|
| 101 |
0 |
|
|a rus
|
| 102 |
|
|
|a RU
|
| 105 |
|
|
|a a z 010zy
|
| 200 |
1 |
|
|a Томский политехнический университет. Химико-технологический факультет. 100 лет
|f Томский политехнический университет (ТПУ)
|
| 210 |
|
|
|a Томск
|c Изд-во ТПУ
|d 2000
|
| 300 |
|
|
|a Посвящается 100-летию Химико-технологического факультета ТПУ
|
| 316 |
|
|
|5 63413507: 00-5230
|a С автографом автора. На форзаце дарственная надпись: "НТБ ТПУ от авторов. Декан ХТФ В. Косинцев. 27.11.2000"
|
| 606 |
1 |
|
|a Томский политехнический университет
|2 stltpush
|3 (RuTPU)RU\TPU\subj\67475
|9 83260
|
| 610 |
1 |
|
|a техническое образование
|
| 610 |
1 |
|
|a ТПУ
|
| 610 |
1 |
|
|a химико-технологический факультет
|
| 610 |
1 |
|
|a ХТФ
|
| 610 |
1 |
|
|a история
|
| 610 |
1 |
|
|a кафедры
|
| 610 |
1 |
|
|a выпускники
|
| 610 |
1 |
|
|a альбомы
|
| 610 |
1 |
|
|a Коллекция История ТПУ
|
| 610 |
1 |
|
|a дарственные надписи
|
| 610 |
1 |
|
|a дары автора
|
| 610 |
1 |
|
|a дары библиотеке
|
| 686 |
|
|
|a Ч484(2)72ТПУ
|v LBC/SL-A
|2 rubbk
|
| 712 |
0 |
2 |
|a Томский политехнический университет (ТПУ)
|z 1991-
|2 stltpush
|3 (RuTPU)RU\TPU\col\376
|
| 801 |
|
0 |
|a RU
|b 63413507
|c 20011209
|g PSBO
|
| 801 |
|
2 |
|a RU
|b 63413507
|c 20210127
|g PSBO
|
| 942 |
|
|
|c BK
|